• 首页
  • 本馆介绍
  • 公告通知
  • 最新文献
  • 馆藏检索
  • 电子资源
  • 读者导购
  • 参考咨询
  • 我的图书馆
  • 登录
  • 详细信息显示
  • 放入我的书架
  • 预约/预借图书
  • 作者相关作品
  • 分类相关作品
  • 丛书相关作品
  • 出版社相关作品

书目信息

  • 表格格式
  • 工作单格式
  • 卡片格式
题名:
中医药与微生态学
    
 
作者: 姜良铎 , 赵长琦 主编
分册:  
出版信息: 北京   化学工业出版社  2008
页数: 217页
开本: 26cm
丛书名:
单 册:
中图分类: R2-03 , Q938.1
科图分类:
主题词: 微生物生态学--应用--中国医药学 , 微生物生态学 , 中国医药学
电子资源:
ISBN: 978-7-122-03566-0
000 00932nam0 2200277 45
005 20100303151553.59
010    @a978-7-122-03566-0@dCNY49.00
100    @a20100118d2008 ekmy0chiy0120 ea
101 0  @achi
102    @aCN@b110000
105    @ay z 000yy
106    @ar
200 1  @a中医药与微生态学@AZhong Yi Yao Yu Wei Sheng Tai Xue@dChinese Medicine Microecology@f姜良铎,赵长琦主编@FJiang Liang Duo, Zhao Chang Qi Zhu Bian@zeng
210    @a北京@c化学工业出版社@d2008
215    @a217页@d26cm
330    @a本书共分3篇,分别介绍了总论、各论、中药对微生态的调节。
510 1  @aChinese Medicine Microecology@zeng
606 0  @a微生物生态学@x应用@x中国医药学
606 0  @a微生物生态学
606 0  @a中国医药学
690    @aR2-03@v4
690    @aQ938.1@v4
701  0 @a姜良铎@AJiang Liang Duo@4主编
701  0 @a赵长琦@AZhao Chang Qi@4主编
801  0 @aCN@bTANGWEI@c20100303
905    @b0584085-89@dR2-03@e249@f5
    
    中医药与微生态学=Chinese Medicine Microecology/姜良铎,赵长琦主编.-北京:化学工业出版社,2008
    217页;26cm
    
    
    ISBN 978-7-122-03566-0:CNY49.00
    本书共分3篇,分别介绍了总论、各论、中药对微生态的调节。
●
相关链接 在E读中查询图书 在五车中查询图书 在当当中查询图书 在豆瓣中查询图书


正题名:中医药与微生态学     索取号:R2-03/249         预约/预借

序号 登录号 条形码 馆藏地/架位号 状态 备注
1 0584085   205840857   第二样本阅览室/ [索取号:R2-03/249] 在馆    
2 0584086   205840866   第三借阅区/ [索取号:R2-03/249] 在馆    
3 0584087   205840875   第三借阅区/ [索取号:R2-03/249] 在馆    
4 0584088   205840884   第三借阅区/ [索取号:R2-03/249] 在馆    
5 0584089   205840893   第三借阅区/ [索取号:R2-03/249] 在馆    
唐山师范学院图书馆 欢迎您!
大连网信软件有限公司© 版权所有